000 00298nam a22001097a 4500
008 160608b xxu||||| |||| 00| 0 eng d
020 _a0813003418
082 _a657 FOU
100 _aStone, Willard (ED)
245 _aFoundation of Accounting Theory
260 _aGainesville
_bUniversity of Florida Press
999 _c4180
_d4180